| 000 | 00478ntaaa2200181 4500 | ||
|---|---|---|---|
| 003 | 01 | ||
| 005 | 20251027202638.0 | ||
| 008 | 0714s1973 ag 01 | ||
| 040 |
_aAR-BaBN _bspa _cAR-BaBN _eaacr _dRIC |
||
| 082 | _a372.4000 C49 | ||
| 100 |
_aCimorra, Clemente _925870 |
||
| 245 | _aLa vida en el Far West | ||
| 250 | _a1 ed. | ||
| 260 |
_aBuenos Aires : _bEditorial Atlántida, _c1957 |
||
| 300 | _a122 p | ||
| 500 | _aFiguras y costumbres del oeste norteamericano | ||
| 942 | _cBK | ||
| 999 |
_c21619 _d21619 |
||